00654 a2200169 45000010006000000050017000060080041000230030015000640400040000790800211001192450028003302500012003582640067003703000019004370410008004561000020004646095420260407155859.0260407a1967 arg spa dAR-UNSa-BCEJYS aAR-UNSa-BCEJYSbspacAR-UNSa-BCEJYS a342.518xMinisterios. Departamentos de Estado. Gabinete. Consejo de ministros. Primer ministro. Ministros de gabinete. Secretarios de estado. Ministros de estado. Consejeros de estado. Ministros sin cartera10aEl consejo de ministros a2a. ed. 1aMadrid :bEscuela Nacional de Administración Públicac1967 a115 p.c21 cm. aspa1 aGuaita, Aurelio